El extraño caso del doctor Jekyll y el señor Hyde / (Registro nro. 921)
[ vista simple ]
| 000 -LEADER | |
|---|---|
| fixed length control field | 01703nam a22002897a 4500 |
| 003 - CONTROL NUMBER IDENTIFIER | |
| control field | AR-RoUNCS |
| 005 - DATE AND TIME OF LATEST TRANSACTION | |
| control field | 20260226083108.0 |
| 008 - FIXED-LENGTH DATA ELEMENTS--GENERAL INFORMATION | |
| fixed length control field | 260226s2008 ag a br 001 f spa |
| 015 ## - NATIONAL BIBLIOGRAPHY NUMBER | |
| National bibliography number | AR-2008 |
| 020 ## - INTERNATIONAL STANDARD BOOK NUMBER | |
| International Standard Book Number | 978-950-13-2334-4 |
| 040 ## - CATALOGING SOURCE | |
| Original cataloging agency | AR-BaBN |
| Language of cataloging | spa |
| Transcribing agency | AR-RoUNCS |
| Description conventions | aacr |
| 080 1# - UNIVERSAL DECIMAL CLASSIFICATION NUMBER | |
| Universal Decimal Classification number | 82-32(410) |
| Edition identifier | 2016 |
| 100 1# - MAIN ENTRY--PERSONAL NAME | |
| Personal name | Stevenson, Robert Louis, |
| Dates associated with a name | 1850-1894 |
| Relator term | autor |
| 245 13 - TITLE STATEMENT | |
| Title | El extraño caso del doctor Jekyll y el señor Hyde / |
| Statement of responsibility, etc. | Robert L. Stevenson ; estudio preliminar, Javier Escobar Isaza. |
| 250 ## - EDITION STATEMENT | |
| Edition statement | 1a ed. |
| 260 ## - PUBLICATION, DISTRIBUTION, ETC. | |
| Place of publication, distribution, etc. | Buenos Aires : |
| Name of publisher, distributor, etc. | Kapelusz, |
| Date of publication, distribution, etc. | 2008. |
| 300 ## - PHYSICAL DESCRIPTION | |
| Extent | 176 p. : |
| Other physical details | il. byn ; |
| Dimensions | 20 cm. |
| 490 ## - SERIES STATEMENT | |
| Series statement | GOLU. Grandes Obras de la Literatura Universal ; |
| Volume/sequential designation | 4 |
| 504 ## - BIBLIOGRAPHY, ETC. NOTE | |
| Bibliography, etc. note | Bibliografía: pág. 173. |
| 520 3# - SUMMARY, ETC. | |
| Summary, etc. | Londres, a fines del S. XIX, es una ciudad moderna: suntuosos edificios, calles iluminadas por faroles de gas, elegantes carruajes y peatones refinados... Sin embargo, en medio de tanto esplendor, empiezan a surgir los indicios de una amenaza, a través de los crímenes de un tal señor hyde. A lo largo de un relato que mantiene en vilo al lector, Stevenson va desplegando poco a poco las claves del siniestro personaje, hasta llegar al mayor de todos los misterios: su extraña relación con el doctor Jekyll, un ciudadano ejemplar. Desde el momento de su publicación, esta novela se ha consagrado como una obra maestra del suspenso y con una fascinante indagación del alma humana. |
| Assigning source | (Descripción del editor). |
| 650 #7 - SUBJECT ADDED ENTRY--TOPICAL TERM | |
| Source of heading or term | embne |
| Topical term or geographic name entry element | Litaratura inglesa |
| 655 #7 - INDEX TERM--GENRE/FORM | |
| Genre/form data or focus term | Novelas cortas |
| Source of term | embne |
| 655 #7 - INDEX TERM--GENRE/FORM | |
| Genre/form data or focus term | Novelas fantásticas |
| Source of term | embne |
| 655 #7 - INDEX TERM--GENRE/FORM | |
| Genre/form data or focus term | Libros juveniles |
| Source of term | embne |
| 700 1# - ADDED ENTRY--PERSONAL NAME | |
| Personal name | Escobar Isaza, Javier |
| Relator term | autor de estudio preliminar |
| 942 ## - ADDED ENTRY ELEMENTS (KOHA) | |
| Source of classification or shelving scheme | Universal Decimal Classification |
| Koha item type | Obra General |
| Suppress in OPAC | No |
| Withdrawn status | Lost status | Source of classification or shelving scheme | Damaged status | Not for loan | Collection | Home library | Current library | Date acquired | Source of acquisition | Total checkouts | Full call number | Barcode | Date last seen | Price effective from | Koha item type |
|---|---|---|---|---|---|---|---|---|---|---|---|---|---|---|---|
| Universal Decimal Classification | Colección General | Biblioteca Escuela de Ciencias Sociales | Biblioteca Escuela de Ciencias Sociales | 26/02/2026 | Donación 2023 | 82-32(410) ST847 | 000433 | 26/02/2026 | 26/02/2026 | Obra General |